Movies Quiz

Random Movies or Director Quiz

M. Night Shyamalan Movies Quiz Stats

 Plays Quiz Updated Jan 14, 2019

     
Support Sporcle.
Go Orange.
Score 0/14 Timer 02:30
0 Plays Today
Year Movie % Correct
1999The Sixth Sense
90%
2004The Village
85.6%
2002Signs
81.7%
2019Glass
78.3%
2006Lady in the Water
72%
2017Split
71.7%
2008The Happening
65.2%
Year Movie % Correct
2000Unbreakable
62.2%
2021Old
59.8%
2015The Visit
41.8%
2013After Earth
36.3%
2010The Last Airbender
18.3%
1998Wide Awake
5.7%
1992Praying with Anger
4.3%

From the Vault

Find the Missing Fauna in Band Names

by timmylemoine1

Music 4m
Some musicians play like real animals, starting with their band names.
Remove Ads.
Support Sporcle.
Get the best of Sporcle when you Go Orange. This ad-free experience offers more features, more stats, and more fun while also helping to support Sporcle. Thank you for becoming a member.

Show Comments

Extras

Top Quizzes Today


Score Distribution

Your Account Isn't Verified!

In order to create a playlist on Sporcle, you need to verify the email address you used during registration. Go to your Sporcle Settings to finish the process.

Report this User

Report this user for behavior that violates our Community Guidelines.

Details: